| 000 | 00515nam a22001937a 4500 | ||
|---|---|---|---|
| 999 |
_c5664 _d5664 |
||
| 003 | GBCCL | ||
| 005 | 20241126110547.0 | ||
| 008 | 180403b ||||| |||| 00| 0 eng d | ||
| 040 | _cgbc | ||
| 082 |
_a252.61 _bZOD |
||
| 100 |
_aZodhiates, Spiros _910225 |
||
| 245 |
_aThe Perfect Gift / _cSpiros Zodhiates |
||
| 250 | _a2nd Printing | ||
| 260 |
_aNew Jersey: _bAMG Press, _c1975 |
||
| 300 |
_a99 p.; _bill., _c18 cm. |
||
| 650 |
_aChristmas Sermons _910226 |
||
| 650 |
_aSermons _vChristmas _910227 |
||
| 942 |
_2ddc _cBK |
||